[Event "Civitanova Marche Region-ch"]
[Site "Civitanova Marche"]
[Date "2011.05.14"]
[Round "3"]
[White "Ballarini, Martin"]
[Black "Renzetti, Leonardo"]
[Result "1/2-1/2"]
[WhiteElo "1788"]
[BlackElo "1859"]
[PlyCount "40"]
[EventDate "2011.05.13"]
[EventType "swiss"]
[EventRounds "5"]
[EventCountry "ITA"]
[SourceTitle "EXT 2024"]
[Source "ChessBase"]
[SourceDate "2023.10.10"]
[SourceVersion "1"]
[SourceVersionDate "2023.10.10"]
[SourceQuality "1"]

1. d4 Nf6 2. e3 g6 3. Bd3 Bg7 4. f4 d6 5. Nf3 0-0 6. c3 Nbd7 7. Nbd2 c5 8. e4 Nxe4 9. Bxe4 cxd4 10. cxd4 f5 11. Bc2 Nf6 12. Ng5 h6 13. Bb3+ d5 14. Ngf3 e6 15. Ne5 Kh7 16. h4 Ne4 17. h5 gxh5 18. Qxh5 Qf6 19. Rh3 Rd8 20. Ba4 Nd6 1/2-1/2

[Event "Rome Accademia Inverno op"]
[Site "Rome"]
[Date "2011.02.11"]
[Round "1"]
[White "Tosi, Francesco"]
[Black "Ballarini, Martin"]
[Result "1-0"]
[WhiteElo "1841"]
[BlackElo "1831"]
[PlyCount "107"]
[EventDate "2011.02.11"]
[EventType "swiss"]
[EventRounds "5"]
[EventCountry "ITA"]
[SourceTitle "EXT 2023"]
[Source "ChessBase"]
[SourceDate "2022.10.05"]
[SourceVersion "1"]
[SourceVersionDate "2022.10.05"]
[SourceQuality "1"]

1. d4 Nf6 2. c4 e5 3. dxe5 Ng4 4. e4 Nxe5 5. f4 Nec6 6. Be3 Bb4+ 7. Nd2 d6 8. Ngf3 Bg4 9. Be2 Qe7 10. 0-0 Bxf3 11. Bxf3 Nd7 12. a3 Bc5 13. Bxc5 Nxc5 14. b4 Ne6 15. e5 Ned4 16. exd6 Qe3+ 17. Kh1 0-0-0 18. b5 Na5 19. dxc7 Kxc7 20. Bd5 Kb8 21. Re1 Qxf4 22. Re4 Qf6 23. Qf1 Nf5 24. Qf4+ Ka8 25. Rf1 Nd6 26. Qxf6 gxf6 27. Ref4 Ndxc4 28. Nxc4 Rxd5 29. Nxa5 Rxb5 30. Nc4 h5 31. h4 Rd5 32. Rxf6 Rd4 33. R6f4 Rhd8 34. g3 Rd3 35. R4f3 R3d4 36. Ne5 Re4 37. Nxf7 Rb8 38. Nd6 Re6 39. Nb5 Rc6 40. Rf8 Rcc8 41. Rxc8 Rxc8 42. Rf5 Rh8 43. Re5 a6 44. Re8+ Rxe8 45. Nc7+ Ka7 46. Nxe8 Kb6 47. g4 hxg4 48. h5 Ka5 49. h6 Ka4 50. h7 Kxa3 51. h8Q b5 52. Nc7 b4 53. Nxa6 b3 54. Qa1# 1-0

[Event "Foligno op"]
[Site "Foligno"]
[Date "2010.06.06"]
[Round "6"]
[White "Anasetti, Alberto"]
[Black "Ballarini, Martin"]
[Result "1-0"]
[WhiteElo "1673"]
[BlackElo "1461"]
[PlyCount "87"]
[EventDate "2010.06.04"]
[EventType "swiss"]
[EventRounds "6"]
[EventCountry "ITA"]
[SourceTitle "CBM 136 Extra"]
[Source "ChessBase"]
[SourceDate "2010.07.02"]
[SourceVersion "2"]
[SourceVersionDate "2010.07.15"]
[SourceQuality "1"]

1. e4 e5 2. Nf3 Nf6 3. Nxe5 d6 4. Nf3 Bg4 5. Nc3 Nbd7 6. Be2 Qe7 7. d3 0-0-0 8. h3 Bxf3 9. Bxf3 h6 10. Be3 d5 11. exd5 Nb6 12. 0-0 Nfxd5 13. Nxd5 Nxd5 14. Bd2 f5 15. Re1 Qd6 16. Qe2 g5 17. Qe5 Qd7 18. Bxd5 Qxd5 19. Qxh8 f4 20. Qe5 Qd6 21. Qe6+ Qxe6 22. Rxe6 Kd7 23. Rae1 h5 24. Bc3 g4 25. hxg4 hxg4 26. Bf6 Rc8 27. Bg5 g3 28. Bxf4 gxf2+ 29. Kxf2 Bc5+ 30. Kf3 Rf8 31. Rg6 Bd6 32. g3 Rf7 33. Kg4 Bf8 34. c3 a5 35. Re5 b6 36. Rf5 Re7 37. Rxf8 Re2 38. Rf7+ Ke8 39. Rxc7 Kf8 40. Rxb6 Re8 41. Ra6 Kg8 42. Rxa5 Rd8 43. d4 Rf8 44. Rg5+ 1-0

[Event "Foligno op"]
[Site "Foligno"]
[Date "2010.06.06"]
[Round "5"]
[White "Ballarini, Martin"]
[Black "Marcugini, Stefano"]
[Result "1-0"]
[WhiteElo "1461"]
[BlackElo "1898"]
[PlyCount "151"]
[EventDate "2010.06.04"]
[EventType "swiss"]
[EventRounds "6"]
[EventCountry "ITA"]
[SourceTitle "CBM 136 Extra"]
[Source "ChessBase"]
[SourceDate "2010.07.02"]
[SourceVersion "2"]
[SourceVersionDate "2010.07.15"]
[SourceQuality "1"]

1. e4 e6 2. d4 d5 3. Nc3 Nf6 4. e5 Nfd7 5. Nb5 a6 6. Bg5 Be7 7. Bxe7 Kxe7 8. Na3 c5 9. c3 cxd4 10. cxd4 Qa5+ 11. Qd2 Qxd2+ 12. Kxd2 Nc6 13. Ke3 Nb6 14. b3 Bd7 15. f4 Rhc8 16. Bd3 Nb4 17. Ne2 Nxd3 18. Kxd3 Rc7 19. Rac1 Rac8 20. Rxc7 Rxc7 21. g4 f6 22. h4 Nc8 23. g5 f5 24. h5 Na7 25. Nc3 Nc6 26. Rc1 Nb4+ 27. Kd2 Kd8 28. Nc2 Nc6 29. Na4 Nb8 30. Nc5 b6 31. Nd3 Be8 32. Rh1 a5 33. Nde1 a4 34. b4 Rc4 35. a3 Nc6 36. Nf3 Na7 37. Ne3 Rc7 38. h6 g6 39. Nc2 Nb5 40. Rh3 Rc4 41. Kd1 Rc3 42. Ng1 Rc4 43. Ne2 Kd7 44. Kd2 Ke7 45. Nc3 Nxd4 46. Ne3 Nb3+ 47. Kc2 Rxf4 48. Nexd5+ exd5 49. Nxd5+ Ke6 50. Nxf4+ Kxe5 51. Ne2 Bf7 52. Re3+ Kd6 53. Nc3 f4 54. Rd3+ Ke5 55. Nxa4 Nd4+ 56. Kc3 Ne2+ 57. Kd2 Bc4 58. Kxe2 f3+ 59. Ke3 Bxd3 60. Kxd3 Kf4 61. Nc3 f2 62. Ke2 Kxg5 63. Nd5 b5 64. Nc3 Kxh6 65. Nxb5 Kg7 66. a4 h5 67. a5 g5 68. a6 g4 69. Kxf2 h4 70. a7 Kf6 71. a8Q Kg5 72. Nd4 Kf4 73. Qd5 g3+ 74. Kg2 Ke3 75. Nf5+ Ke2 76. Nxh4 1-0